<?xml version="1.0" encoding="UTF-8"?>
<record
    xmlns:xsi="http://www.w3.org/2001/XMLSchema-instance"
    xsi:schemaLocation="http://www.loc.gov/MARC21/slim http://www.loc.gov/standards/marcxml/schema/MARC21slim.xsd"
    xmlns="http://www.loc.gov/MARC21/slim">

  <leader>00464nam a2200145Ia 4500</leader>
  <controlfield tag="008">230917s9999||||xx |||||||||||||| ||und||</controlfield>
  <datafield tag="040" ind1=" " ind2=" ">
    <subfield code="e">197467</subfield>
    <subfield code="a">MAIN</subfield>
  </datafield>
  <datafield tag="041" ind1=" " ind2=" ">
    <subfield code="a">English</subfield>
  </datafield>
  <datafield tag="082" ind1=" " ind2=" ">
    <subfield code="a">891.431711 MO857:SR</subfield>
  </datafield>
  <datafield tag="100" ind1=" " ind2=" ">
    <subfield code="a">&#x936;&#x941;&#x915;&#x94D;&#x932;, &#x930;&#x93E;&#x92E;&#x926;&#x947;&#x935;</subfield>
  </datafield>
  <datafield tag="245" ind1=" " ind2="0">
    <subfield code="a">&#x92E;&#x94B;&#x924;&#x940; &#x92C;&#x940;&#x902;. &#x90F;. &#x917;&#x94D;&#x930;&#x928;&#x94D;&#x925;&#x93E;&#x935;&#x932;&#x940; 9 &#x916;&#x923;&#x94D;&#x921;</subfield>
  </datafield>
  <datafield tag="260" ind1=" " ind2=" ">
    <subfield code="a">&#x928;&#x908; &#x926;&#x93F;&#x932;&#x94D;&#x932;&#x940;</subfield>
    <subfield code="b">&#x928;&#x92E;&#x928; &#x92A;&#x94D;&#x930;&#x915;&#x93E;&#x936;&#x928;</subfield>
    <subfield code="c">2011</subfield>
  </datafield>
  <datafield tag="300" ind1=" " ind2=" ">
    <subfield code="a">v. p.</subfield>
  </datafield>
  <datafield tag="942" ind1=" " ind2=" ">
    <subfield code="c">HN</subfield>
  </datafield>
  <datafield tag="952" ind1=" " ind2=" ">
    <subfield code="0">0</subfield>
    <subfield code="1">0</subfield>
    <subfield code="4">0</subfield>
    <subfield code="6">891_431711000000000_MO857SR</subfield>
    <subfield code="7">0</subfield>
    <subfield code="9">287146</subfield>
    <subfield code="a">MAIN</subfield>
    <subfield code="b">MAIN</subfield>
    <subfield code="d">2012-03-27</subfield>
    <subfield code="l">0</subfield>
    <subfield code="o">891.431711 MO857:SR</subfield>
    <subfield code="p">317235</subfield>
    <subfield code="r">2023-09-17 21:46:53</subfield>
    <subfield code="w">2023-09-17</subfield>
    <subfield code="y">HN</subfield>
  </datafield>
  <datafield tag="952" ind1=" " ind2=" ">
    <subfield code="0">0</subfield>
    <subfield code="1">0</subfield>
    <subfield code="4">0</subfield>
    <subfield code="6">891_431711000000000_MO857SR</subfield>
    <subfield code="7">0</subfield>
    <subfield code="9">287147</subfield>
    <subfield code="a">MAIN</subfield>
    <subfield code="b">MAIN</subfield>
    <subfield code="d">2012-03-27</subfield>
    <subfield code="l">0</subfield>
    <subfield code="o">891.431711 MO857:SR</subfield>
    <subfield code="p">317236</subfield>
    <subfield code="r">2023-09-17 21:46:53</subfield>
    <subfield code="w">2023-09-17</subfield>
    <subfield code="y">HN</subfield>
  </datafield>
  <datafield tag="952" ind1=" " ind2=" ">
    <subfield code="0">0</subfield>
    <subfield code="1">0</subfield>
    <subfield code="4">0</subfield>
    <subfield code="6">891_431711000000000_MO857SR</subfield>
    <subfield code="7">0</subfield>
    <subfield code="9">287148</subfield>
    <subfield code="a">MAIN</subfield>
    <subfield code="b">MAIN</subfield>
    <subfield code="d">2012-03-27</subfield>
    <subfield code="l">0</subfield>
    <subfield code="o">891.431711 MO857:SR</subfield>
    <subfield code="p">317237</subfield>
    <subfield code="r">2023-09-17 21:46:53</subfield>
    <subfield code="w">2023-09-17</subfield>
    <subfield code="y">HN</subfield>
  </datafield>
  <datafield tag="952" ind1=" " ind2=" ">
    <subfield code="0">0</subfield>
    <subfield code="1">0</subfield>
    <subfield code="4">0</subfield>
    <subfield code="6">891_431711000000000_MO857SR</subfield>
    <subfield code="7">0</subfield>
    <subfield code="9">287149</subfield>
    <subfield code="a">MAIN</subfield>
    <subfield code="b">MAIN</subfield>
    <subfield code="d">2012-03-27</subfield>
    <subfield code="l">0</subfield>
    <subfield code="o">891.431711 MO857:SR</subfield>
    <subfield code="p">317238</subfield>
    <subfield code="r">2023-09-17 21:46:53</subfield>
    <subfield code="w">2023-09-17</subfield>
    <subfield code="y">HN</subfield>
  </datafield>
  <datafield tag="952" ind1=" " ind2=" ">
    <subfield code="0">0</subfield>
    <subfield code="1">0</subfield>
    <subfield code="4">0</subfield>
    <subfield code="6">891_431711000000000_MO857SR</subfield>
    <subfield code="7">0</subfield>
    <subfield code="9">287150</subfield>
    <subfield code="a">MAIN</subfield>
    <subfield code="b">MAIN</subfield>
    <subfield code="d">2012-03-27</subfield>
    <subfield code="l">0</subfield>
    <subfield code="o">891.431711 MO857:SR</subfield>
    <subfield code="p">317239</subfield>
    <subfield code="r">2023-09-17 21:46:53</subfield>
    <subfield code="w">2023-09-17</subfield>
    <subfield code="y">HN</subfield>
  </datafield>
  <datafield tag="952" ind1=" " ind2=" ">
    <subfield code="0">0</subfield>
    <subfield code="1">0</subfield>
    <subfield code="4">0</subfield>
    <subfield code="6">891_431711000000000_MO857SR</subfield>
    <subfield code="7">0</subfield>
    <subfield code="9">287151</subfield>
    <subfield code="a">MAIN</subfield>
    <subfield code="b">MAIN</subfield>
    <subfield code="d">2012-03-27</subfield>
    <subfield code="l">0</subfield>
    <subfield code="o">891.431711 MO857:SR</subfield>
    <subfield code="p">317240</subfield>
    <subfield code="r">2023-09-17 21:46:53</subfield>
    <subfield code="w">2023-09-17</subfield>
    <subfield code="y">HN</subfield>
  </datafield>
  <datafield tag="952" ind1=" " ind2=" ">
    <subfield code="0">0</subfield>
    <subfield code="1">0</subfield>
    <subfield code="4">0</subfield>
    <subfield code="6">891_431711000000000_MO857SR</subfield>
    <subfield code="7">0</subfield>
    <subfield code="9">287152</subfield>
    <subfield code="a">MAIN</subfield>
    <subfield code="b">MAIN</subfield>
    <subfield code="d">2012-03-27</subfield>
    <subfield code="l">0</subfield>
    <subfield code="o">891.431711 MO857:SR</subfield>
    <subfield code="p">317241</subfield>
    <subfield code="r">2023-09-17 21:46:53</subfield>
    <subfield code="w">2023-09-17</subfield>
    <subfield code="y">HN</subfield>
  </datafield>
  <datafield tag="952" ind1=" " ind2=" ">
    <subfield code="0">0</subfield>
    <subfield code="1">0</subfield>
    <subfield code="4">0</subfield>
    <subfield code="6">891_431711000000000_MO857SR</subfield>
    <subfield code="7">0</subfield>
    <subfield code="9">287153</subfield>
    <subfield code="a">MAIN</subfield>
    <subfield code="b">MAIN</subfield>
    <subfield code="d">2012-03-27</subfield>
    <subfield code="l">0</subfield>
    <subfield code="o">891.431711 MO857:SR</subfield>
    <subfield code="p">317242</subfield>
    <subfield code="r">2023-09-17 21:46:53</subfield>
    <subfield code="w">2023-09-17</subfield>
    <subfield code="y">HN</subfield>
  </datafield>
  <datafield tag="952" ind1=" " ind2=" ">
    <subfield code="0">0</subfield>
    <subfield code="1">0</subfield>
    <subfield code="4">0</subfield>
    <subfield code="6">891_431711000000000_MO857SR</subfield>
    <subfield code="7">0</subfield>
    <subfield code="9">287154</subfield>
    <subfield code="a">MAIN</subfield>
    <subfield code="b">MAIN</subfield>
    <subfield code="d">2012-03-27</subfield>
    <subfield code="l">0</subfield>
    <subfield code="o">891.431711 MO857:SR</subfield>
    <subfield code="p">317243</subfield>
    <subfield code="r">2023-09-17 21:46:54</subfield>
    <subfield code="w">2023-09-17</subfield>
    <subfield code="y">HN</subfield>
  </datafield>
  <datafield tag="999" ind1=" " ind2=" ">
    <subfield code="c">169975</subfield>
    <subfield code="d">169975</subfield>
  </datafield>
</record>
